000 01104cam a2200289 4500
008 090401t1995 xxu||||| |||| 00| 0 eng d
020 _a0704905280
035 _a(Sirsi) u26023
041 _aeng
050 _a630.026
090 _a630.026
100 _aGibbard, R.
245 _aCommentary on an example of a tenancy agreement for an agricultural holding.
260 _aReading
_bCELTS
_c1995
300 _av,36p. ; 30cm.
350 _a5
490 _aProfessional Practice Guidance Series
_v95/1
520 _aSets out an example of a standard agricultural tenancy creating a tenancy from year to year with a clause-by-clause analysis of the agreement and the implications of each provision in the light of contract and agricultural holdings legislation and caselaw.
650 _aPROPERTY-LANDLORD AND TENANT-TENANCIES-AGRICULTURAL TENANCIES
650 _aTENANCY AGREEMENT
690 _aRURAL PRACTICE
700 _aLong, H.A.R.
710 _aCentre for Environment and Land Tenure Studies
_92835
710 _aUniversity of Reading
_93273
942 _n0
948 _c04/03/1997
999 _c88861
_d88861